Slovensko bez miliárd privatizačný poradca poradil vláde, aby z jedného ...

Bibliographic Details
Main Author: Palkovič, Karol (Author)
Format: Article
Language:Slovak
PhysicalDescription:Fotogr., obr.
ISSN:1336-0256
Subjects:

MARC

LEADER 00000nab a2200000 ar4500
001 vtls009191478
003 SK-MaSNL
005 20260303052847.0
008 080313c2008 xo mr|p|||||||000 b|slo
015 |a SNBRB2008/03  |2 snkbucl 
040 |a SNKBUCL  |b slo  |c SNKBUCL  |e AACR2 
041 0 |a slo 
044 |a xo  |c SK 
080 |a 338.45:662.76:622.69  |x (437.6)  |2 2001 
080 |a 338.246  |x (437.6)  |2 2001 
080 |a 662.76  |2 2001 
080 |a 622.69  |2 2001 
080 |a 061.5:662.76:622.69  |x (437.6)  |2 2001 
100 1 |a Palkovič, Karol  |4 aut  |9 749756 
245 1 0 |a Slovensko bez miliárd  |b privatizačný poradca poradil vláde, aby z jedného ...  |c Karol Palkovič 
300 |b Fotogr., obr. 
610 2 7 |a Slovenský plynárenský priemysel (Bratislava, Slovensko)  |x privatizácia  |2 snkbucl  |9 840671 
773 0 |t Extra plus  |g Roč. 8, február (2008), s. 8-9  |x 1336-0256 
852 |a SNK  |b KIS3GCP 
958 |a SK 
999 |c 1716921  |d 1718851